[Event "Condom Open A 2013"]
[Site "Condom"]
[Date "????.??.??"]
[Round "1.2"]
[White "Larand, Manuel"]
[Black "Jianu, Vlad-Cristian"]
[Result "0-1"]
[WhiteElo "2034"]
[BlackElo "2560"]
[PlyCount "56"]

1. c4 g6 2. g3 Bg7 3. Bg2 Nf6 4. e4 d6 5. Ne2 c5 6. O-O Nc6 7. Nbc3 Nd7 8. d3
Nf8 9. Rb1 Ne6 10. a3 a5 11. Nd5 O-O 12. h3 Ned4 13. f4 e6 14. Ne3 Bd7 15. Bd2
b5 16. g4 Rb8 17. Ng3 b4 18. g5 f6 19. gxf6 Qxf6 20. e5 dxe5 21. Ne4 Qe7 22.
Ng4 bxa3 23. fxe5 a2 24. Ra1 Rxf1+ 25. Qxf1 Rxb2 26. Bg5 Qf7 27. Ne3 Qxf1+ 28.
Kxf1 Nb4 0-1

[Event "Condom Open A 2013"]
[Site "Condom"]
[Date "????.??.??"]
[Round "1.4"]
[White "Roques, Olivier"]
[Black "Velten, Paul"]
[Result "0-1"]
[WhiteElo "2026"]
[BlackElo "2422"]
[PlyCount "60"]

1. c4 e5 2. Nc3 Nf6 3. Nf3 Nc6 4. g3 Bc5 5. Bg2 d6 6. O-O O-O 7. d3 h6 8. a3 a6
9. b4 Ba7 10. Nd2 Bg4 11. Nb3 Qd7 12. Qc2 Bh3 13. e3 Bxg2 14. Kxg2 Rae8 15. Ne2
Nh7 16. Bb2 Ng5 17. Ng1 f5 18. Rad1 f4 19. d4 f3+ 20. Kh1 e4 21. b5 axb5 22.
cxb5 Ne7 23. a4 c6 24. b6 Bb8 25. a5 Qg4 26. Bc3 Rf5 27. Be1 Nh3 28. Nd2 d5 29.
Ra1 Rh5 30. a6 Nxg1 0-1

[Event "Condom Open A 2013"]
[Site "Condom"]
[Date "????.??.??"]
[Round "1.5"]
[White "Santos Latasa, Jaime"]
[Black "Bartels, Sven"]
[Result "1-0"]
[WhiteElo "2418"]
[BlackElo "2020"]
[PlyCount "47"]

1. b3 e6 2. Bb2 b5 3. Nf3 Bb7 4. e3 b4 5. c4 Nf6 6. Be2 Be7 7. O-O O-O 8. d4 d6
9. Qc2 Nbd7 10. Nbd2 c5 11. Bd3 h6 12. Rfd1 Qb6 13. Ne4 Rfc8 14. dxc5 Nxc5 15.
Nxf6+ Bxf6 16. Bxf6 Bxf3 17. gxf3 gxf6 18. Qb2 f5 19. Kh1 Nxd3 20. Rxd3 Qc6 21.
e4 fxe4 22. Re3 exf3 23. Rg1+ Kf8 24. Rxe6 1-0

[Event "Condom Open A 2013"]
[Site "Condom"]
[Date "????.??.??"]
[Round "1.7"]
[White "Mullon, Jean-Baptiste"]
[Black "Berthelot, Nathan"]
[Result "1-0"]
[WhiteElo "2398"]
[BlackElo "1979"]
[PlyCount "73"]

1. e4 d6 2. d4 Nf6 3. Nc3 g6 4. Nf3 Bg7 5. Be2 O-O 6. O-O Bg4 7. h3 Bxf3 8.
Bxf3 Nfd7 9. Bg5 Nc6 10. Nd5 h6 11. Be3 e5 12. dxe5 Ncxe5 13. Be2 g5 14. f4
gxf4 15. Nxf4 Nc5 16. Bd3 Kh7 17. Nh5 Rg8 18. Rf5 Bh8 19. Qf1 Qe7 20. Kh1 Raf8
21. Rb1 Ng6 22. Bxh6 Kxh6 23. Qc1+ Kh7 24. Nf6+ Kg7 25. e5 dxe5 26. Nh5+ Kh7
27. Nf6+ Kg7 28. Qg5 Ne6 29. Nh5+ Kh7 30. Qxe7 Nxe7 31. Rxf7+ Kh6 32. Rh7+ Kg5
33. h4+ Kg4 34. Be2+ Kxh4 35. Ng7+ Kg3 36. Rh3+ Kf2 37. Bd3 1-0

[Event "Condom Open A 2013"]
[Site "Condom"]
[Date "????.??.??"]
[Round "1.9"]
[White "Petre, Nad-Titus"]
[Black "Basso, Pierre-Yves"]
[Result "1/2-1/2"]
[WhiteElo "2371"]
[BlackElo "1960"]
[PlyCount "103"]

1. c4 c5 2. g3 Nc6 3. Bg2 g6 4. Nc3 Bg7 5. Nf3 Nf6 6. d4 cxd4 7. Nxd4 O-O 8.
O-O Qb6 9. Nc2 d6 10. b3 Bf5 11. Bg5 h6 12. Be3 Qa5 13. Bd2 Qb6 14. Ne3 Bd7 15.
Ned5 Nxd5 16. Nxd5 Qd4 17. Rc1 Rac8 18. e3 Qb2 19. Rc2 Qa3 20. Qe1 Rfe8 21. Bc1
Qa6 22. a4 Ne5 23. Qd1 e6 24. Nc3 Red8 25. f4 Nxc4 26. Nb5 Na5 27. Rxc8 Bxc8
28. Bd2 d5 29. Qc2 Qb6 30. Rb1 Bd7 31. Qd3 Nc6 32. b4 Ne7 33. Nc3 Nf5 34. a5
Qc7 35. Rc1 Qd6 36. Nb5 Qa6 37. Bf1 Bxb5 38. Qxb5 Qxb5 39. Bxb5 Nd6 40. Bd3 Rc8
41. Rxc8+ Nxc8 42. e4 Bd4+ 43. Kg2 dxe4 44. Bxe4 Nd6 45. Bd3 h5 46. b5 Bc5 47.
Bc3 Kf8 48. h3 Ke7 49. g4 hxg4 50. hxg4 Ne8 51. Kg3 Nc7 52. a6 1/2-1/2

[Event "Condom Open A 2013"]
[Site "Condom"]
[Date "????.??.??"]
[Round "1.10"]
[White "Seynaeve, Kevan"]
[Black "Kukov, Velislav"]
[Result "0-1"]
[WhiteElo "1960"]
[BlackElo "2370"]
[PlyCount "86"]

1. e4 c6 2. d4 d5 3. exd5 cxd5 4. Bd3 Nc6 5. c3 Nf6 6. Bf4 Bg4 7. Qb3 Qc8 8.
Nd2 e6 9. Ngf3 Be7 10. O-O O-O 11. Rfe1 Bh5 12. Ne5 Nxe5 13. dxe5 Nd7 14. Bf1
Nc5 15. Qb4 Qd7 16. Qd4 b5 17. Nf3 Qb7 18. Bg5 Bxf3 19. Bxe7 Qxe7 20. gxf3 a6
21. Rad1 Rac8 22. Kh1 Rc7 23. Be2 Na4 24. Rb1 Qc5 25. Qh4 Qe7 26. Qg3 f5 27. f4
Rb8 28. a3 a5 29. Qe3 b4 30. axb4 axb4 31. cxb4 Rxb4 32. Ra1 Re4 33. Qg3 g6 34.
f3 Rb4 35. b3 Nb6 36. h4 Qg7 37. Qg5 h6 38. Qd8+ Kh7 39. Rac1 Rd7 40. Qb8 Qe7
41. Kg2 d4 42. Rc6 Nd5 43. Qa8 Qxh4 0-1

[Event "Condom Open A 2013"]
[Site "Condom"]
[Date "????.??.??"]
[Round "2.1"]
[White "Iglesias, Joachim"]
[Black "Cornette, Matthieu"]
[Result "1/2-1/2"]
[WhiteElo "2248"]
[BlackElo "2578"]
[PlyCount "69"]

1. d4 d5 2. Nf3 Nf6 3. e3 e6 4. Bd3 c5 5. c3 Nc6 6. Nbd2 Bd6 7. O-O O-O 8. dxc5
Bxc5 9. e4 Qc7 10. Qe2 b6 11. Kh1 Be7 12. h3 dxe4 13. Nxe4 Nd5 14. Ng3 g6 15.
Bc2 Bb7 16. Ng5 Nf4 17. Qg4 Nxg2 18. N3e4 Nd8 19. Qxg2 f5 20. Rg1 Bxg5 21. Bxg5
fxe4 22. Be3 Rf3 23. Qh2 Qf7 24. Rg4 Rc8 25. h4 Qf5 26. Rag1 Nf7 27. h5 Ne5 28.
hxg6 hxg6 29. Bd1 Kg7 30. Bxf3 Qxf3+ 31. R1g2 Qd1+ 32. Rg1 Qf3+ 33. R1g2 Qd1+
34. Rg1 Qf3+ 35. R1g2 1/2-1/2

[Event "Condom Open A 2013"]
[Site "Condom"]
[Date "????.??.??"]
[Round "2.2"]
[White "Jianu, Vlad-Cristian"]
[Black "Piceu, Tom"]
[Result "1-0"]
[WhiteElo "2560"]
[BlackElo "2318"]
[PlyCount "61"]

1. Nf3 c5 2. c4 Nc6 3. g3 e5 4. Nc3 g6 5. Bg2 Bg7 6. a3 Nge7 7. Rb1 O-O 8. d3
d6 9. b4 h6 10. O-O f5 11. Bd2 Rb8 12. Ne1 b6 13. Nc2 Be6 14. Ne3 Nd4 15. Ned5
Bf7 16. e3 Ne6 17. Nb5 Nc8 18. a4 a6 19. Nbc3 Na7 20. a5 bxa5 21. bxa5 Nc6 22.
Qa4 Be8 23. Rxb8 Nxb8 24. Qb3 Nc6 25. Qb6 Nxa5 26. Rb1 e4 27. Qxa6 Ng5 28. dxe4
Nc6 29. f4 Nxe4 30. Nxe4 fxe4 31. Rb6 1-0

[Event "Condom Open A 2013"]
[Site "Condom"]
[Date "????.??.??"]
[Round "2.3"]
[White "Rebole Arbea, Jose Ignacio"]
[Black "Miron, Lucian-Costin"]
[Result "0-1"]
[WhiteElo "2203"]
[BlackElo "2544"]
[PlyCount "60"]

1. g3 d5 2. Bg2 Nf6 3. c4 e6 4. Nf3 dxc4 5. Qa4+ Nbd7 6. Qxc4 a6 7. O-O b5 8.
Qc2 Bb7 9. b3 c5 10. Bb2 Be7 11. d3 O-O 12. Nbd2 Nd5 13. Rac1 a5 14. Qb1 a4 15.
e4 Nb4 16. d4 axb3 17. axb3 cxd4 18. Bxd4 e5 19. Be3 Qa5 20. Bh3 Nf6 21. Nxe5
Rfd8 22. Bg2 Ra6 23. Rfd1 Na2 24. b4 Qa3 25. Bf1 Nxc1 26. Bxb5 Re6 27. Rxc1
Rxe5 28. Be2 Qxb4 29. Nf3 Qxb1 30. Rxb1 Bxe4 0-1

[Event "Condom Open A 2013"]
[Site "Condom"]
[Date "????.??.??"]
[Round "2.4"]
[White "Velten, Paul"]
[Black "Iwanesko, Alexandre"]
[Result "1-0"]
[WhiteElo "2422"]
[BlackElo "2230"]
[PlyCount "57"]

1. Nf3 Nf6 2. g3 g6 3. Bg2 Bg7 4. O-O O-O 5. c4 d6 6. Nc3 e5 7. d4 exd4 8. Nxd4
Nbd7 9. h3 Re8 10. Re1 a6 11. b3 Rb8 12. Bb2 c5 13. Nc2 b5 14. cxb5 axb5 15.
Qxd6 Rb6 16. Qd2 b4 17. Na4 Rbe6 18. a3 Ne4 19. Bxe4 Rxe4 20. f3 Qc7 21. Kg2
R4e6 22. Bxg7 Kxg7 23. axb4 cxb4 24. Nxb4 Nf6 25. Nd3 Re3 26. Qb2 Qd7 27. g4 h5
28. Nb6 Qc7 29. Qxf6+ 1-0

[Event "Condom Open A 2013"]
[Site "Condom"]
[Date "????.??.??"]
[Round "2.5"]
[White "Verduyn, Frederic"]
[Black "Santos Latasa, Jaime"]
[Result "0-1"]
[WhiteElo "2150"]
[BlackElo "2418"]
[PlyCount "68"]

1. d4 Nf6 2. c4 e6 3. Nc3 Bb4 4. e3 d5 5. Nge2 c6 6. a3 Ba5 7. b4 Bc7 8. Ng3
O-O 9. Be2 e5 10. dxe5 Bxe5 11. Bb2 Be6 12. c5 Ne4 13. Ngxe4 dxe4 14. Qc2 f5
15. O-O Qc7 16. h3 Nd7 17. Rfd1 Nf6 18. Bf1 Qf7 19. Rd2 f4 20. Nd1 Bxb2 21.
Qxb2 f3 22. Qe5 Rae8 23. Qh2 Rd8 24. Rd6 Rxd6 25. cxd6 fxg2 26. Bxg2 Bd5 27.
Rc1 a6 28. Bf1 Ne8 29. Nc3 Qg6+ 30. Bg2 Nxd6 31. Nxd5 cxd5 32. Rc7 d4 33. Rd7
dxe3 34. fxe3 Nc4 0-1

[Event "Condom Open A 2013"]
[Site "Condom"]
[Date "????.??.??"]
[Round "2.6"]
[White "Mladenov, Plamen"]
[Black "Marciniak, Alexandre"]
[Result "1-0"]
[WhiteElo "2405"]
[BlackElo "2207"]
[PlyCount "57"]

1. d4 e6 2. c4 Nf6 3. Nc3 Bb4 4. e3 O-O 5. Bd3 d5 6. Nf3 c5 7. O-O Nc6 8. a3
Ba5 9. h3 dxc4 10. Bxc4 cxd4 11. exd4 Bb6 12. Bg5 Nxd4 13. Ne4 Nf5 14. Qc1 Nxe4
15. Bxd8 Rxd8 16. Qc2 Nfg3 17. Rfd1 Bd7 18. Kh2 Bxf2 19. Ne5 Be8 20. Rxd8 Rxd8
21. Bd3 Nf5 22. Bxe4 Bg3+ 23. Kh1 Bxe5 24. Bxf5 exf5 25. Re1 Bg3 26. Qd3 Bxe1
27. Qxd8 Kf8 28. Qd6+ Kg8 29. Qe7 1-0

[Event "Condom Open A 2013"]
[Site "Condom"]
[Date "????.??.??"]
[Round "2.7"]
[White "Bizovi, Mihai"]
[Black "Mullon, Jean-Baptiste"]
[Result "0-1"]
[WhiteElo "2137"]
[BlackElo "2398"]
[PlyCount "92"]

1. d4 d5 2. c4 c6 3. Nf3 Nf6 4. Nc3 dxc4 5. a4 Bf5 6. e3 e6 7. Bxc4 Bb4 8. O-O
O-O 9. Nh4 Bg4 10. f3 Bh5 11. g4 Nd5 12. Ng2 Bg6 13. Na2 Be7 14. e4 Nb6 15. Bb3
c5 16. a5 c4 17. Bc2 Nc8 18. f4 f5 19. gxf5 exf5 20. e5 Qxa5 21. d5 Rd8 22. d6
Nxd6 23. exd6 Bxd6 24. Qe2 Qc7 25. Nc3 Qf7 26. Ra4 Rc8 27. Be3 Bh5 28. Qd2 Rd8
29. Nb5 Be7 30. Qf2 Nc6 31. Nxa7 Nb4 32. Rfa1 Nd3 33. Bxd3 cxd3 34. Nc6 Rxa4
35. Nxe7+ Qxe7 36. Rxa4 d2 37. Bxd2 Qd7 38. Ba5 Qxa4 39. Bxd8 Qd1+ 40. Qe1 Qxd8
41. Qe6+ Bf7 42. Qxf5 Qd4+ 43. Kf1 Bc4+ 44. Ke1 Qg1+ 45. Kd2 Qxg2+ 46. Kc3 Qc6
0-1

[Event "Condom Open A 2013"]
[Site "Condom"]
[Date "????.??.??"]
[Round "2.8"]
[White "Leenhouts, Koen"]
[Black "Lacroix, Romain"]
[Result "1/2-1/2"]
[WhiteElo "2392"]
[BlackElo "2176"]
[PlyCount "82"]

1. d4 Nf6 2. c4 e6 3. Nc3 Bb4 4. e3 O-O 5. Bd3 d5 6. Nf3 c5 7. O-O cxd4 8. exd4
dxc4 9. Bxc4 Nbd7 10. a3 Bxc3 11. bxc3 b6 12. Re1 Bb7 13. Bd3 Rc8 14. c4 Qc7
15. Bg5 h6 16. Bh4 Qf4 17. Bg3 Qg4 18. Be2 Qf5 19. d5 exd5 20. Nh4 Qe6 21. Bf3
Ne4 22. cxd5 Bxd5 23. Bxe4 Bxe4 24. f3 Bc2 25. Rxe6 Bxd1 26. Rd6 Ba4 27. Nf5
Kh7 28. Rd4 Nc5 29. Bd6 Rfe8 30. Bxc5 Rxc5 31. Nxg7 Kxg7 32. Rxa4 Re2 33. Rg4+
Rg5 34. Rxg5+ hxg5 35. Rd1 Ra2 36. Rd3 a5 37. Rb3 a4 38. Rxb6 Rxa3 39. Ra6 Ra2
40. h3 f6 41. Kh2 Kg6 1/2-1/2

[Event "Condom Open A 2013"]
[Site "Condom"]
[Date "????.??.??"]
[Round "2.9"]
[White "Kukov, Velislav"]
[Black "Marciniak, Gerard"]
[Result "1-0"]
[WhiteElo "2370"]
[BlackElo "2116"]
[PlyCount "93"]

1. Nf3 Nf6 2. d4 e6 3. c3 b6 4. Bg5 Be7 5. e3 Bb7 6. Nbd2 c5 7. Bd3 cxd4 8.
exd4 d6 9. O-O O-O 10. Re1 a6 11. Qe2 Nbd7 12. Nf1 Re8 13. Ng3 Nh5 14. Bxe7
Nxg3 15. Bxh7+ Kh8 16. hxg3 Qxe7 17. Bc2 g6 18. Be4 Nf6 19. Bxb7 Qxb7 20. Ng5
Kg7 21. Ne4 Qe7 22. Nxf6 Qxf6 23. Qf3 Qe7 24. Qe3 Qb7 25. f3 Rh8 26. Kf2 Rac8
27. g4 b5 28. Qf4 Qe7 29. Rh1 g5 30. Qe4 d5 31. Qe5+ f6 32. Qe3 b4 33. Rxh8
Rxh8 34. Rc1 Rc8 35. Qd3 bxc3 36. Rh1 Kg8 37. Qxa6 Rb8 38. bxc3 e5 39. Re1 Rb2+
40. Kg1 e4 41. Qa8+ Kg7 42. Qxd5 e3 43. Qe4 Qa7 44. Qxe3 Qxa2 45. Qe7+ Kg6 46.
Qe8+ Kh6 47. Qh5+ 1-0

[Event "Condom Open A 2013"]
[Site "Condom"]
[Date "????.??.??"]
[Round "3.1"]
[White "Mullon, Jean-Baptiste"]
[Black "Jianu, Vlad-Cristian"]
[Result "0-1"]
[WhiteElo "2398"]
[BlackElo "2560"]
[PlyCount "82"]

1. e4 c5 2. Nf3 d6 3. d4 cxd4 4. Qxd4 Nc6 5. Bb5 Bd7 6. Qd3 g6 7. O-O Bg7 8. c4
Nf6 9. Nc3 O-O 10. Re1 a6 11. Bxc6 Bxc6 12. Nd4 Rc8 13. b3 Nd7 14. Bb2 Re8 15.
Rad1 Qa5 16. Qd2 Nc5 17. Ba1 b5 18. cxb5 axb5 19. Ncxb5 Qxd2 20. Rxd2 Bxe4 21.
f3 Bb7 22. b4 Na4 23. Rc2 Kf8 24. Nc7 Bf6 25. Rec1 Red8 26. Nde6+ fxe6 27.
Nxe6+ Kf7 28. Nxd8+ Rxd8 29. Bxf6 Kxf6 30. Rc7 Rb8 31. Re1 e6 32. Rxh7 Bd5 33.
a3 Rc8 34. Ra7 Nb2 35. Re2 Nd3 36. h4 Rc1+ 37. Kh2 Bc4 38. Rc7 d5 39. Kg3 Ra1
40. Re3 Rxa3 41. Rb7 d4 0-1

[Event "Condom Open A 2013"]
[Site "Condom"]
[Date "????.??.??"]
[Round "3.2"]
[White "Miron, Lucian-Costin"]
[Black "Mladenov, Plamen"]
[Result "1-0"]
[WhiteElo "2544"]
[BlackElo "2405"]
[PlyCount "76"]

1. Nf3 c5 2. g3 b6 3. Bg2 Bb7 4. O-O Nf6 5. b3 e6 6. Bb2 Be7 7. c4 O-O 8. e3 d5
9. Qe2 Nc6 10. d4 cxd4 11. exd4 Rc8 12. Rd1 Rc7 13. Nc3 dxc4 14. bxc4 Na5 15.
d5 Nxc4 16. dxe6 Qa8 17. Nb5 Rc5 18. Bd4 Rxb5 19. Qxc4 Rb4 20. Qe2 Ra4 21. Rac1
h6 22. Rc7 Bd8 23. exf7+ Rxf7 24. Rxf7 Kxf7 25. Bxf6 Bxf6 26. Rd7+ Kf8 27. Qe6
Qe8 28. Qxe8+ Kxe8 29. Rxb7 Rxa2 30. Bh3 Ra1+ 31. Kg2 Ra2 32. Be6 Ra5 33. Nd2
Re5 34. Bf7+ Kf8 35. Rxa7 Re2 36. Nb3 Re7 37. Rxe7 Kxe7 38. Bc4 Bc3 1-0

[Event "Condom Open A 2013"]
[Site "Condom"]
[Date "????.??.??"]
[Round "3.3"]
[White "Guichard, Pauline"]
[Black "Velten, Paul"]
[Result "1-0"]
[WhiteElo "2342"]
[BlackElo "2422"]
[PlyCount "128"]

1. d4 d5 2. Nf3 Nf6 3. c4 dxc4 4. e3 Bg4 5. Bxc4 e6 6. h3 Bh5 7. Nc3 Nc6 8. O-O
Bd6 9. b3 O-O 10. Bb2 a6 11. Rc1 Qe7 12. Be2 Rad8 13. Ne5 Nxe5 14. Bxh5 Ng6 15.
Bf3 c6 16. Ne4 Bb8 17. Nxf6+ Qxf6 18. Be4 Ne7 19. Qf3 Qh6 20. Rc4 Bd6 21. Bb1
f5 22. Bc1 g5 23. e4 Qg6 24. e5 Bb8 25. Ba3 Rf7 26. Bxe7 Rxe7 27. g4 Rf7 28.
Qe3 Ba7 29. Re1 Qg7 30. gxf5 exf5 31. e6 Re7 32. Bxf5 Bxd4 33. Qg3 Rf8 34. Rxd4
Qxd4 35. Re5 h6 36. Kg2 Kg7 37. Ra5 b6 38. Re5 Rf6 39. Qe3 Qxe3 40. fxe3 h5 41.
Kf3 Rh6 42. Bd3 Rhxe6 43. Rxg5+ Kh6 44. Kf4 Rf6+ 45. Bf5 Rxe3 46. Rg8 Re1 47.
Rh8+ Kg7 48. Rh7+ Kg8 49. Rxh5 c5 50. Kg5 Rd6 51. Rh4 Rg1+ 52. Kf4 Rd4+ 53. Be4
Re1 54. Ke5 Kg7 55. Rf4 a5 56. Kf5 a4 57. Rg4+ Kf8 58. h4 Re2 59. h5 Rxa2 60.
bxa4 Rdxa4 61. h6 Rh2 62. Kg5 b5 63. Rf4+ Ke7 64. h7 Kd6 1-0

[Event "Condom Open A 2013"]
[Site "Condom"]
[Date "????.??.??"]
[Round "3.4"]
[White "Santos Latasa, Jaime"]
[Black "Kukov, Velislav"]
[Result "1-0"]
[WhiteElo "2418"]
[BlackElo "2370"]
[PlyCount "99"]

1. d4 Nf6 2. c4 c5 3. d5 e5 4. Nc3 d6 5. e4 Be7 6. g3 h5 7. h4 a6 8. Nh3 Nbd7
9. f3 Nh7 10. Be3 g5 11. hxg5 Nxg5 12. Nf2 h4 13. gxh4 Nh7 14. h5 Bg5 15. Qd2
Bxe3 16. Qxe3 Qg5 17. Kd2 Qxe3+ 18. Kxe3 Nhf6 19. h6 Ng8 20. Bh3 Ndf6 21. Ng4
Nxg4+ 22. Bxg4 Rxh6 23. Rxh6 Nxh6 24. Bxc8 Rxc8 25. Rg1 Ke7 26. f4 f6 27. fxe5
fxe5 28. Rg6 Nf7 29. Ne2 Rh8 30. Ng3 Rh2 31. Nf5+ Kd7 32. b3 Rh3+ 33. Kf2 Rh7
34. Kg2 b5 35. Re6 bxc4 36. bxc4 a5 37. Re7+ Kd8 38. Ra7 Ng5 39. Rxh7 Nxh7 40.
Nxd6 Kc7 41. Nf7 Nf6 42. Kf3 Nd7 43. Kg4 Nb6 44. Nxe5 Na4 45. Kf5 Nc3 46. a3 a4
47. Nd3 Nb1 48. Ke6 Nxa3 49. d6+ Kd8 50. Ne5 1-0

[Event "Condom Open A 2013"]
[Site "Condom"]
[Date "????.??.??"]
[Round "3.5"]
[White "Cornette, Matthieu"]
[Black "Alcaraz Ortega, Javier"]
[Result "1-0"]
[WhiteElo "2578"]
[BlackElo "2345"]
[PlyCount "55"]

1. e4 c6 2. d4 g6 3. Nf3 d5 4. e5 Bg7 5. Bd3 Nh6 6. O-O O-O 7. Re1 b6 8. Bf4 f6
9. exf6 exf6 10. c4 Ba6 11. cxd5 Qxd5 12. Nc3 Qd8 13. Bxa6 Nxa6 14. Qa4 Qc8 15.
Rac1 Nf7 16. Nd5 Kh8 17. Ne7 Qb7 18. Nxc6 b5 19. Qb3 Rfe8 20. d5 Bf8 21. Qc3
Bg7 22. Nfd4 f5 23. Qd2 Bf6 24. Re6 Rxe6 25. dxe6 Nd8 26. Bg5 Qg7 27. e7 Nxc6
28. Bxf6 1-0

[Event "Condom Open A 2013"]
[Site "Condom"]
[Date "????.??.??"]
[Round "3.6"]
[White "Sanchez, Nicolas"]
[Black "Leenhouts, Koen"]
[Result "0-1"]
[WhiteElo "2164"]
[BlackElo "2392"]
[PlyCount "42"]

1. d4 Nf6 2. Nf3 g6 3. c4 Bg7 4. Nc3 d5 5. cxd5 Nxd5 6. Na4 O-O 7. e4 Nb6 8. h3
Nxa4 9. Qxa4 c5 10. Be3 Bd7 11. Qb3 cxd4 12. Nxd4 Qa5+ 13. Qc3 Qe5 14. Bd3 Nc6
15. Ne2 Qd6 16. Qd2 Rfd8 17. O-O-O Be6 18. Bb1 Qe5 19. Qc3 Qb5 20. Nd4 Nxd4 21.
Bxd4 Bxd4 0-1

[Event "Condom Open A 2013"]
[Site "Condom"]
[Date "????.??.??"]
[Round "3.7"]
[White "Petre, Nad-Titus"]
[Black "Congiu, Mathilde"]
[Result "1-0"]
[WhiteElo "2371"]
[BlackElo "2218"]
[PlyCount "91"]

1. Nf3 Nf6 2. g3 g6 3. d4 Bg7 4. c4 d6 5. Bg2 O-O 6. Nc3 Nc6 7. O-O a6 8. Bf4
Nh5 9. Be3 Rb8 10. Qd2 b5 11. cxb5 axb5 12. Rfc1 Bd7 13. Bh6 Nf6 14. Bxg7 Kxg7
15. Ne1 Na5 16. Nd5 Nxd5 17. Bxd5 c6 18. Bg2 Qb6 19. b3 b4 20. h4 Be8 21. Rc2
Qb5 22. Nd3 Bd7 23. Rac1 Rfc8 24. e4 Be6 25. Nf4 Bxb3 26. Bf1 Qb6 27. axb3 Nxb3
28. Qd1 Nxd4 29. Rb2 c5 30. Nd5 Qb7 31. Ra1 e6 32. Ba6 Qc6 33. Bxc8 exd5 34.
Bh3 dxe4 35. Bg2 d5 36. Rc1 Qf6 37. Rxc5 Nf3+ 38. Bxf3 Qxb2 39. Bg2 b3 40. Rxd5
Rb4 41. Qe1 Rd4 42. Bxe4 Rxd5 43. Bxd5 Qc2 44. Qe5+ f6 45. Qe7+ Kh6 46. Qf8+
1-0

[Event "Condom Open A 2013"]
[Site "Condom"]
[Date "????.??.??"]
[Round "3.8"]
[White "Daulyte, Deimante"]
[Black "Cocquyt, Tijs"]
[Result "1-0"]
[WhiteElo "2363"]
[BlackElo "2063"]
[PlyCount "63"]

1. e4 g6 2. d4 Bg7 3. Nc3 c5 4. Nf3 cxd4 5. Nxd4 Nc6 6. Be3 d6 7. Qd2 Nf6 8. f3
Bd7 9. g4 Nxd4 10. Bxd4 Qa5 11. O-O-O O-O 12. Kb1 e5 13. Be3 Rfc8 14. Nd5 Qd8
15. h4 Nxd5 16. Qxd5 Be6 17. Qd2 Qc7 18. h5 Rd8 19. hxg6 fxg6 20. Bg5 Rd7 21.
Bb5 Rf7 22. Qxd6 Bxa2+ 23. Kxa2 Qa5+ 24. Kb1 Qxb5 25. Rd3 Rc8 26. Qe6 Re8 27.
Qa2 Qb6 28. Rd7 Ref8 29. Rhd1 Bf6 30. Rxf7 Rxf7 31. Rd7 Qg1+ 32. Bc1 1-0

[Event "Condom Open A 2013"]
[Site "Condom"]
[Date "????.??.??"]
[Round "3.9"]
[White "Lacroix, Romain"]
[Black "Favarel, Julien"]
[Result "0-1"]
[WhiteElo "2176"]
[BlackElo "2321"]
[PlyCount "72"]

1. d4 Nf6 2. Nf3 d5 3. c4 e6 4. g3 dxc4 5. Bg2 Bb4+ 6. Bd2 a5 7. O-O O-O 8. Bg5
Nc6 9. e3 h6 10. Bxf6 Qxf6 11. a3 Bd6 12. Nc3 e5 13. d5 Na7 14. Nd2 b5 15. a4
Bd7 16. axb5 Nxb5 17. Nce4 Qe7 18. Nxc4 a4 19. Nexd6 Nxd6 20. Qc2 Bb5 21. Nxd6
cxd6 22. Rfc1 Qb7 23. Ra3 Rfc8 24. Rc3 Rxc3 25. Qxc3 Bd7 26. Qa3 Qb6 27. h4 Rb8
28. Rc2 g6 29. Kh2 Kg7 30. Bh3 Bxh3 31. Kxh3 Qa6 32. Kg2 Rb3 33. Rc6 Qd3 34.
Qxd6 Qe4+ 35. Kh2 Qf5 36. f4 Rxb2+ 0-1

[Event "Condom Open A 2013"]
[Site "Condom"]
[Date "????.??.??"]
[Round "3.10"]
[White "Maupin, Valerie"]
[Black "Iglesias, Joachim"]
[Result "1/2-1/2"]
[WhiteElo "2070"]
[BlackElo "2248"]
[PlyCount "115"]

1. d4 d6 2. Nf3 Bg4 3. e4 Nf6 4. Nc3 Nc6 5. Be3 e6 6. Bb5 a6 7. Ba4 d5 8. e5
Nd7 9. Bxc6 bxc6 10. Na4 c5 11. c3 cxd4 12. cxd4 c5 13. O-O f6 14. dxc5 Nxe5
15. Nb6 Bxf3 16. gxf3 Ra7 17. f4 Nc6 18. Qa4 Qc7 19. f5 exf5 20. Nxd5 Qb7 21.
Nb6 f4 22. Rfe1 fxe3 23. Rxe3+ Be7 24. Rd1 O-O 25. Rd7 Qb8 26. Qxc6 Rxd7 27.
Nxd7 Qxb2 28. Qd5+ Rf7 29. Rxe7 Qb1+ 30. Kg2 Qg6+ 31. Kf1 Qb1+ 32. Re1 Qb5+ 33.
Kg2 Qxd7 34. Qa8+ Rf8 35. Qxa6 Qd5+ 36. Kg1 Qxc5 37. Qe6+ Kh8 38. Re3 Rc8 39.
Qe8+ Qf8 40. Qd7 Qd8 41. Qe6 h6 42. Qe4 Qc7 43. h3 Qc1+ 44. Kh2 Qc2 45. Kg3
Qxa2 46. Qg6 Qd5 47. h4 Rf8 48. Rd3 Qh1 49. h5 f5 50. Rd4 Qg1+ 51. Kf3 Qg5 52.
Rd7 Qg4+ 53. Qxg4 fxg4+ 54. Kxg4 Rxf2 55. Ra7 Rg2+ 56. Kh4 Kg8 57. Rb7 Kf8 58.
Ra7 1/2-1/2

[Event "Condom Open A 2013"]
[Site "Condom"]
[Date "????.??.??"]
[Round "4.2"]
[White "Guichard, Pauline"]
[Black "Miron, Lucian-Costin"]
[Result "1/2-1/2"]
[WhiteElo "2342"]
[BlackElo "2544"]
[PlyCount "60"]

1. d4 d5 2. Nf3 e6 3. c4 c5 4. cxd5 exd5 5. Nc3 Nc6 6. g3 Nf6 7. Bg2 Be7 8. O-O
O-O 9. dxc5 Bxc5 10. Na4 Be7 11. Be3 Re8 12. Rc1 Bg4 13. Nd4 Qd7 14. Nxc6 bxc6
15. Qd3 Bd6 16. Nc5 Qe7 17. Rfe1 Rab8 18. Bd4 Ne4 19. Nxe4 dxe4 20. Qe3 c5 21.
Bxc5 Rxb2 22. h3 Bxc5 23. Rxc5 Be6 24. Bxe4 Rxa2 25. Bd5 Ra6 26. Rec1 Qf8 27.
Bc6 Rd8 28. Bb5 Rad6 29. Bd3 g6 30. Kh2 Re8 1/2-1/2

[Event "Condom Open A 2013"]
[Site "Condom"]
[Date "????.??.??"]
[Round "4.4"]
[White "Leenhouts, Koen"]
[Black "Petre, Nad-Titus"]
[Result "1-0"]
[WhiteElo "2392"]
[BlackElo "2371"]
[PlyCount "59"]

1. d4 Nf6 2. c4 d6 3. Nc3 e5 4. d5 Bf5 5. f3 e4 6. g4 Bg6 7. g5 Nfd7 8. fxe4 h6
9. Nf3 hxg5 10. Bxg5 Be7 11. Bf4 Bf6 12. Qd2 Qe7 13. Bg2 Na6 14. O-O Nac5 15.
Rac1 a5 16. Nd4 Nxe4 17. Nxe4 Bxe4 18. Ne6 Nc5 19. Bxe4 Nxe4 20. Qe3 fxe6 21.
Qxe4 O-O-O 22. dxe6 Rhe8 23. c5 dxc5 24. e3 Rd2 25. Rf2 Rxf2 26. Kxf2 Bxb2 27.
Rb1 Qf6 28. Qc2 Bc3 29. Qe4 c6 30. Qxc6+ 1-0

[Event "Condom Open A 2013"]
[Site "Condom"]
[Date "????.??.??"]
[Round "4.5"]
[White "Velten, Paul"]
[Black "Daulyte, Deimante"]
[Result "1/2-1/2"]
[WhiteElo "2422"]
[BlackElo "2363"]
[PlyCount "33"]

1. Nf3 Nf6 2. g3 g6 3. Bg2 Bg7 4. O-O O-O 5. c4 d5 6. cxd5 Nxd5 7. Nc3 Nc6 8.
Nxd5 Qxd5 9. d3 Qb5 10. Qc2 Bg4 11. Be3 Rac8 12. Rac1 Bxf3 13. Bxf3 Nd4 14.
Bxd4 Bxd4 15. b4 Qxb4 16. Rb1 Qd6 17. Bxb7 1/2-1/2

[Event "Condom Open A 2013"]
[Site "Condom"]
[Date "????.??.??"]
[Round "4.7"]
[White "Ternault, Mathieu"]
[Black "Thejkumar, M. S."]
[Result "0-1"]
[WhiteElo "2176"]
[BlackElo "2403"]
[PlyCount "73"]

1. d4 Nf6 2. c4 c5 3. d5 b5 4. Qc2 bxc4 5. e4 d6 6. Bxc4 Nbd7 7. Nf3 g6 8. O-O
Bg7 9. h3 O-O 10. Na3 Nb6 11. Re1 Nxc4 12. Nxc4 e6 13. dxe6 Bxe6 14. e5 dxe5
15. Ncxe5 Qc7 16. Bd2 Rac8 17. Rac1 Qb7 18. b3 Bd5 19. Be3 Rfe8 20. Bxc5 Ne4
21. Nd3 Red8 22. b4 Nxc5 23. bxc5 Bxf3 24. gxf3 Qxf3 25. Re3 Qf5 26. Ne1 Qh5
27. Ng2 Rc6 28. Qe2 Rxc5 29. Rxc5 Qxc5 30. Re8+ Rxe8 31. Qxe8+ Bf8 32. a4 Kg7
33. Ne3 Qg5+ 34. Kf1 Bc5 35. Ng4 Bd4 36. Ne3 h5 37. Ke2 0-1

[Event "Condom Open A 2013"]
[Site "Condom"]
[Date "????.??.??"]
[Round "4.8"]
[White "Delay, Guillaume"]
[Black "Mullon, Jean-Baptiste"]
[Result "0-1"]
[WhiteElo "2049"]
[BlackElo "2398"]
[PlyCount "106"]

1. e4 c5 2. Nf3 e6 3. d4 cxd4 4. Nxd4 a6 5. Bd3 Bc5 6. Nb3 Be7 7. O-O d6 8. Nc3
Nf6 9. Qf3 Nc6 10. Qg3 g6 11. f4 Qc7 12. Be3 b5 13. Rae1 b4 14. Na4 Rb8 15. Nd4
Bd7 16. b3 O-O 17. e5 Nh5 18. Qf2 dxe5 19. Nxc6 Bxc6 20. fxe5 Bxa4 21. bxa4 a5
22. Kh1 Ng7 23. Be4 Qc4 24. Bb6 Qxa2 25. Bc7 Rbc8 26. Qb6 Qc4 27. Bd6 Bxd6 28.
exd6 Qc5 29. Qxc5 Rxc5 30. Rd1 Rd8 31. Rd2 Rd7 32. Rfd1 Nf5 33. Bxf5 Rxf5 34.
g4 Rc5 35. Kg2 h5 36. h3 hxg4 37. hxg4 Rc3 38. Kf2 Kg7 39. g5 Rc5 40. Rg1 Rd5
41. Rxd5 exd5 42. Ke3 Rxd6 43. Kd4 Rc6 44. Rg2 Rc3 45. Kxd5 Ra3 46. Rg4 Rxa4
47. c3 Ra1 48. cxb4 axb4 49. Kc4 Rb1 50. Kb5 f6 51. gxf6+ Kxf6 52. Kc4 Kf5 53.
Rd4 g5 0-1